|
|
|
|
| LEADER |
01838nam a2200385 a 4500 |
| 001 |
1634127 |
| 003 |
BD-DhAAL |
| 008 |
090906r20051996nyua b 001 0 eng d |
| 999 |
|
|
|c 3827
|d 3827
|
| 010 |
|
|
|a 96015604
|
| 020 |
|
|
|a 0824797132 (v. 2 : hardcover : acid-free paper)
|
| 040 |
|
|
|a DNLM/DLC
|c DLC
|d DLC
|
| 082 |
0 |
0 |
|a 615/.19
|2 20
|
| 245 |
0 |
0 |
|a Pharmaceutical dosage forms disperse systems /
|b volume 2
|c edited by Herbert A. Lieberman, Martin M. Rieger, Gilbert S. Banker.
|
| 250 |
|
|
|a Second edition, rev. and expanded.
|
| 260 |
|
|
|a New York :
|b M. Dekker,
|c 1996 [reprinted2005]
|
| 300 |
|
|
|a xx, 506 pages :
|b illustrations ;
|c 26 cm.
|
| 362 |
0 |
|
|a vol. Two
|
| 504 |
|
|
|a Includes bibliographical references and index.
|
| 541 |
1 |
|
|e 00019118
|
| 650 |
|
0 |
|a Drugs
|x Dosage forms.
|9 44375
|
| 650 |
|
0 |
|a Dispersing agents.
|9 44376
|
| 650 |
1 |
2 |
|a Dosage Forms.
|9 44377
|
| 650 |
2 |
2 |
|a Chemistry, Pharmaceutical.
|9 44378
|
| 650 |
2 |
2 |
|a Emulsions.
|9 44379
|
| 650 |
2 |
2 |
|a Suspensions.
|9 44380
|
| 650 |
2 |
2 |
|a Pharmacy.
|9 44381
|
| 700 |
1 |
|
|a Lieberman, Herbert A.,
|d 1920-
|9 44382
|
| 700 |
1 |
|
|a Rieger, Martin M.,
|d 1920-
|9 44383
|
| 700 |
1 |
|
|a Banker, Gilbert S.,
|d 1931-
|9 44384
|
| 852 |
4 |
|
|a Ayesha Abed Library
|j General shelf
|
| 942 |
|
|
|2 ddc
|c BK
|
| 952 |
|
|
|0 0
|1 0
|2 ddc
|4 0
|6 615_190000000000000_PHA_2005
|7 0
|9 3480
|a BRACUL
|b BRACUL
|c GEN
|d 2009-09-01
|e Karim International
|g 532.00
|l 1
|m 5
|o 615.19 PHA
|p 3010019116
|r 2013-10-30
|s 2012-01-01
|t 1
|v 1064.00
|w 2009-09-07
|y BK
|
| 952 |
|
|
|0 0
|1 0
|2 ddc
|4 0
|6 615_190000000000000_PHA_2005
|7 0
|9 3621
|a BRACUL
|b BRACUL
|c GEN
|d 2009-09-01
|e Karim International
|g 532.00
|l 0
|o 615.19 PHA
|p 3010019117
|r 2009-09-16
|t 2
|v 1064.00
|w 2009-09-16
|y BK
|
| 952 |
|
|
|0 0
|1 0
|2 ddc
|4 0
|6 615_190000000000000_PHA_2005
|7 0
|9 3622
|a BRACUL
|b BRACUL
|c GEN
|d 2009-09-01
|e Karim International
|g 532.00
|l 0
|o 615.19 PHA
|p 3010019118
|r 2009-09-16
|t 3
|v 1064.00
|w 2009-09-16
|y BK
|